000 00593cam a2200229 4500
001 B1040
008 090401t1978 xxu||||| |||| 00| 0 eng d
035 _a(Sirsi) u42316
041 _aeng
050 _a"Box" Library
110 _aBernard Thorpe and Partners
_92958
245 _aProperty Market report: Scotland 1978-79
260 _aLondon
_bBernard Thorpe and Partners
_c1978
300 _a16p. ; 30cm.
350 _a15.95
650 _aINDUSTRIAL PROPERTY
650 _aOFFICES
650 _aRESIDENTIAL PROPERTY
_96266
650 _aSHOPS
942 _n0
948 _c04/03/1997
999 _c91070
_d91070